| 000 | 00486nam a2200181 4500 | ||
|---|---|---|---|
| 001 | 132335 | ||
| 003 | ES-MaACL | ||
| 005 | 20240531062943.0 | ||
| 007 | t| | ||
| 008 | 070214s1964 sp r ||||1| spa d | ||
| 100 | 1 |
_aRomero Pérez, Luis, _d1916-2009 _999338 |
|
| 245 | 1 | 3 |
_aLa corriente / _cLuis Romero. |
| 250 | _a2ª ed. | ||
| 260 |
_aBarcelona : _bDestino, _c1964. |
||
| 300 |
_a313 p. ; _c19 cm. |
||
| 852 |
_aES-MaACL _jA-7249 _bR.96373 |
||
| 999 |
_c132335 _d132335 |
||